[Event "SVK-chT4 A21 1617"]
[Site "Slovakia"]
[Date "2016.10.23"]
[Round "2.5"]
[White "Bjel, Jan"]
[Black "Keller, Jozef"]
[Result "1-0"]
[WhiteElo "1809"]
[BlackElo "1597"]
[PlyCount "35"]
[EventDate "2016.10.09"]
[EventType "team-tourn"]
[EventRounds "11"]
[EventCountry "SVK"]
[SourceTitle "CBM 175 Extra"]
[Source "ChessBase"]
[SourceDate "2016.12.12"]
[SourceVersion "1"]
[SourceVersionDate "2016.12.12"]
[SourceQuality "1"]
[WhiteTeam "Vrbove"]
[BlackTeam "Vrbove II"]
[WhiteTeamCountry "SVK"]
[BlackTeamCountry "SVK"]

1. e4 d6 2. d4 Nf6 3. Nc3 g6 4. Bg5 Bg7 5. Qd2 c5 6. dxc5 Qa5 7. cxd6 exd6 8. 0-0-0 0-0 9. h4 Nxe4 10. Nxe4 Qxa2 11. Qb4 Bf5 12. Nf6+ Bxf6 13. Bxf6 Nc6 14. Qf4 Rac8 15. Qh6 Qa1+ 16. Kd2 Qa5+ 17. c3 Qd5+ 18. Kc1 1-0